El último mohicano /
El último mohicano es una apasionante historia de luchas, amor y odio entre blancos y pieles rojas, ambientada en el siglo XVIII, cuando ingleses y franceses se disputaban el dominio de las tierras vírgenes de América del Norte. El fuerte inglés William Henry ha sido sitiado por los franceses y el m...
Guardado en:
| Autor Principal: | |
|---|---|
| Otros Autores: | , |
| Formato: | Libro |
| Idioma: | Undetermined |
| Publicado: |
Buenos Aires :
Atlántida,
1997.
|
| Series: | Nueva Biblioteca Billiken ;
21 |
| Materias: | |
| Etiquetas: |
Agregar Etiqueta
Sin Etiquetas, Sea el primero en etiquetar este registro!
|
| LEADER | 01589nam a22002295a 4500 | ||
|---|---|---|---|
| 001 | CEM.cems021115 | ||
| 008 | 240426s1997####ag############000#0#und#d | ||
| 005 | 20240426174618.0 | ||
| 245 | 1 | 0 | |a El último mohicano / |c James Fenimore Cooper ; adaptado por Rosa S. Corgatelli ; ilustrado por Horacio D. Gatto. |
| 260 | |a Buenos Aires : |b Atlántida, |c 1997. | ||
| 300 | |a 184 p. | ||
| 490 | 1 | |a Nueva Biblioteca Billiken ; |v 21 | |
| 500 | |a Título original: The last of the Mohicans. | ||
| 520 | |a El último mohicano es una apasionante historia de luchas, amor y odio entre blancos y pieles rojas, ambientada en el siglo XVIII, cuando ingleses y franceses se disputaban el dominio de las tierras vírgenes de América del Norte. El fuerte inglés William Henry ha sido sitiado por los franceses y el mayor Heyward debe emprender un peligroso viaje por el bosque escoltado a las hijas del comandante Munro, para trasladarlas a una guarnición más segura. También los acompaña un piel roja conocedor de la zona, Zorro Sutil, y en el transcurso de la travesía se unirá a ellos Uncas, el último de los mohicanos. La pequeña expedición enfrentará traiciones, el acoso de indios enemigos -los temibles hurones-, aventuras, emboscadas mortales y luchas frenéticas por la libertad. | ||
| 020 | |a 9500817772 | ||
| 100 | 1 | |a Cooper, James Fenimore. | |
| 700 | 1 | |a Corgatelli, Rosa S.; adapt. | |
| 700 | 1 | |a Gatto, Horacio D.; il. | |
| 653 | |a Literatura estadounidense | ||
| 653 | |a Novela juvenil | ||
| 653 | |a Literatura juvenil | ||
| 859 | |a CEMS |b BIB. CEMS - Inicial y Primaria |h 813.4 |i C784 |k IP |p 6407 |t Ej.1 | ||
